000 00607nam a2200217 a 4500
001 20616
003 BD-RjUL
005 20211209000605.0
008 140301r1958enk 000 1 eng d
020 _a0006151841
035 _a(BD-RjUL)20678
040 _aBD-RjUL
_beng
_cBD-RjUL
_dBD-RjUL
041 _aeng
082 _a823
_bMAN 1958
100 1 _aMacInnes, Helen,
_d1907-1985.
_954590
245 1 0 _aNorth from Rome /
_cHelen Macinnes
260 _a[s.l.] :
_bFontana/Collins,
_c1958.
300 _a581 p. :
_bill. ;
_c23 cm.
500 _aFirst published by William Collins & Sons 1958
942 _2ddc
_cBK
999 _c20616
_d20616